MARC details
| 000 -BAŞLIK |
| Sabit Uzunlukta Kontrol Alanı |
01188nam a2200277 4500 |
| 999 ## - SİSTEM KONTROL NUMARALARI (KOHA) |
| Koha Biblionumber |
13221 |
| Koha Biblioitemnumber |
13221 |
| 003 - KONTROL NUMARASI IDENTIFIER |
| Denetim Alanı |
MIRAKIL |
| 005 - SON İŞLEM TARİHİ VE ZAMANI |
| Denetim Alanı |
20190509105146.0 |
| 008 - SABİT-BOY VERİ ELEMANLARI - GENEL BİLGİLER |
| Sabit Uzunlukta Kontrol Alanı |
190509b tu ||||| |||| 00| 0 tur d |
| 020 ## - ULUSLARARASI STANDART KİTAP NUMARASI |
| Uluslararası Standart Kitap Numarası |
9786053994602 |
| 040 ## - KATALOGLAMA KAYNAK |
| Orijinal Kataloglama Ajansı |
TR-AnCHP |
| Metne Dönüştürmek Ajansı |
TR-AnCHP |
| 041 ## - DİL KODU |
| Metin / Ses Parça Veya Ayrı Başlığın Dil Kodu |
tur |
| 082 ## - DEWEY ONLU SINIFLANDIRMA NUMARASI |
| Sınıflandırma Numarası |
617.1 |
| Ürün Numarası |
B65t 2016 |
| 100 ## - ANA GİRİŞ - KİŞİSEL İSİM |
| Kişisel Ad |
Brıere, John N. |
| 245 10 - BAŞLIK TABLOSU |
| Başlık |
Travma terapisinin ilkeleri : |
| Başlığın Kalan |
belirtiler, değerlendirme ve tedavi için bir kılavuz / |
| Sorumluluk Tablosu, Vb |
John N. Brıere , Catherine Scott ; çeviren Betül Dilan Genç. |
| 260 ## - YAYIN, DAĞITIM, VB |
| Yayın, Dağıtım, Vb Yeri |
İstanbul : |
| Yayıncı, Dağıtıcı, Vs Adı |
İstanbul Bilgi Üniversitesi Yayınları, |
| Yayın, Dağıtım, Vb Tarihi |
2016. |
| 300 ## - FİZİKSEL TANIM |
| Kapsam |
xxv, 417 s.: |
| Diğer Fiziksel Ayrıntıları |
tbl.; |
| Boyutlar |
23 sm. |
| 490 0# - SERİSİ TABLOSU |
| Seri Beyanı |
İstanbul Bilgi Üniversitesi Yayınları ; |
| -- |
Psikanaliz/psikoloji dizisi ; |
| Hacim / Ardışık Tanımı |
567. |
| -- |
11. |
| 500 ## - GENEL NOT |
| Genel Not |
Yapıtın özgün adı : Principles of trauma therapy: a guide to symptoms, evaluation, and treatment, second edition : DSM-5 update |
| 504 ## - KAYNAKÇA VB NOT |
| Kaynakça Vb Notu |
Kaynakça ve dizin vardır. |
| 650 #0 - KONU KATMA GİRİŞ - TOPİKAL DÖNEM |
| 9 (RLIN) |
5716 |
| Topikal Süreli Veya Coğrafi Ad Giriş Elemanı |
Travma sonrası stres bozuklukları |
| Genel Alt Bölümü |
Tedavi |
| 650 #0 - KONU KATMA GİRİŞ - TOPİKAL DÖNEM |
| 9 (RLIN) |
5717 |
| Topikal Süreli Veya Coğrafi Ad Giriş Elemanı |
Psişik travma |
| Genel Alt Bölümü |
Tedavi |
| 650 #0 - KONU KATMA GİRİŞ - TOPİKAL DÖNEM |
| 9 (RLIN) |
5718 |
| Topikal Süreli Veya Coğrafi Ad Giriş Elemanı |
Stres bozukluğu , travma sonrası |
| Genel Alt Bölümü |
terapi |
| 700 ## - KATMA GİRİŞ - KİŞİSEL İSİM |
| 9 (RLIN) |
5719 |
| Kişisel Ad |
Scott, Catherıne |
| 700 ## - KATMA GİRİŞ - KİŞİSEL İSİM |
| 9 (RLIN) |
5720 |
| Kişisel Ad |
Genç, Betül Dilan |
| Relator Terim |
çev. |
| 942 ## - EKLENDİ GİRİŞ ELEMANLARI (KOHA) |
| Sınıflandırma Veya Raf Düzeni Kaynak |
Dewey Decimal Classification |
| Koha Öğesi Türü |
Books |